[Event "Olimpiada de Khanty-Mansiysk 2010"]
[Site "Khanty-Mansiysk RUS"]
[Date "2010.10.01"]
[Round "10"]
[White "Ivanisevic, Ivan"]
[Black "Miton, Kamil"]
[Result "1/2-1/2"]
[WhiteElo "2613"]
[BlackElo "2629"]
[PlyCount "73"]
[EventDate "2010.09.21"]
[EventType "team"]
[EventRounds "11"]
[EventCountry "RUS"]
[Source "lmi"]
[SourceDate "2010.09.21"]
[WhiteTeam "SRB"]
[BlackTeam "Polonia"]
[BlackTeamCountry "POL"]

1. d4 d5 2. c4 c6 3. Nf3 Nf6 4. Nc3 dxc4 5. a4 Bf5 6. Ne5 Nbd7 7. Nxc4 Nb6 8.
Ne5 a5 9. e3 g6 10. Bd3 Bxd3 11. Nxd3 Bg7 12. Qb3 O-O 13. O-O Nfd7 14. Ne2 e5
15. Nxe5 Nxe5 16. dxe5 Bxe5 17. e4 Bc7 18. Be3 Qd6 19. Bf4 Qe7 20. Bxc7 Qxc7
21. f4 Nd7 22. Ng3 Qb6+ 23. Qxb6 Nxb6 24. b3 Rfd8 25. Rfd1 Kf8 26. Kf2 Ke7 27.
Nf1 Rxd1 28. Rxd1 Rd8 29. Rxd8 Kxd8 30. Ke3 Nd7 31. Kd4 b6 32. Nd2 Nc5 33. g4
h6 34. h4 Ke7 35. f5 gxf5 36. exf5 f6 37. Kc3 1/2-1/2

[Event "Olimpiada de Khanty-Mansiysk 2010"]
[Site "Khanty-Mansiysk RUS"]
[Date "2010.10.01"]
[Round "10"]
[White "Bartel, Mateusz"]
[Black "Markus, Robert"]
[Result "1-0"]
[WhiteElo "2599"]
[BlackElo "2624"]
[PlyCount "69"]
[EventDate "2010.09.21"]
[EventType "team"]
[EventRounds "11"]
[EventCountry "RUS"]
[Source "lmi"]
[SourceDate "2010.09.21"]
[WhiteTeam "Polonia"]
[BlackTeam "SRB"]
[WhiteTeamCountry "POL"]

1. d4 Nf6 2. c4 g6 3. Nc3 Bg7 4. e4 d6 5. f3 O-O 6. Be3 a6 7. Qd2 Nbd7 8. Rd1
e5 9. Nh3 c6 10. Be2 b5 11. O-O bxc4 12. dxe5 Nxe5 13. Qxd6 Qxd6 14. Rxd6 Bxh3
15. gxh3 Rfb8 16. f4 Nd3 17. Rxc6 Nxb2 18. e5 Nd7 19. Bf3 Rd8 20. Rc7 Rac8 21.
Rb7 Rb8 22. Rxb8 Rxb8 23. Bc6 Nxe5 24. fxe5 Bxe5 25. Ne4 Kg7 26. Bd5 f6 27. Nc5
Rc8 28. Nd7 Rd8 29. Be6 Re8 30. Nxe5 Rxe6 31. Bd4 Nd3 32. Nxd3 cxd3 33. Rd1 Re2
34. a3 d2 35. Bf2 1-0

[Event "Olimpiada de Khanty-Mansiysk 2010"]
[Site "Khanty-Mansiysk RUS"]
[Date "2010.10.01"]
[Round "10"]
[White "Navara, David"]
[Black "Aronian, Levon"]
[Result "0-1"]
[WhiteElo "2722"]
[BlackElo "2783"]
[PlyCount "100"]
[EventDate "2010.09.21"]
[EventType "team"]
[EventRounds "11"]
[EventCountry "RUS"]
[Source "lmi"]
[SourceDate "2010.09.21"]
[WhiteTeam "Chequia"]
[BlackTeam "Armenia"]
[WhiteTeamCountry "CZE"]
[BlackTeamCountry "ARM"]

1. e4 e5 2. Nf3 Nc6 3. Bb5 a6 4. Ba4 Nf6 5. O-O Be7 6. d3 b5 7. Bb3 d6 8. a4
Bd7 9. Bd2 b4 10. c3 O-O 11. Re1 Rb8 12. Bc4 Qc8 13. d4 Na5 14. Bf1 c5 15. cxb4
cxb4 16. Bg5 h6 17. Bh4 exd4 18. Nbd2 g5 19. e5 gxh4 20. exf6 Bxf6 21. Ne4 Bg7
22. Nxh4 Qd8 23. g3 Rb6 24. Bd3 Re8 25. Qf3 Re5 26. Qf4 Be6 27. Rad1 Rc6 28.
Nf3 Rf5 29. Qh4 Nb7 30. Qxd8+ Nxd8 31. Be2 Rd5 32. b3 Kf8 33. Ned2 d3 34. Bf1
Rc3 35. Re3 Nb7 36. Nc4 Rxb3 37. Nfd2 Rc3 38. Bg2 Bd4 39. Re4 Nc5 40. Rh4 Bf6
41. Bxd5 Bxd5 42. Rxh6 Kg7 43. Ne3 Be6 44. Rh5 b3 45. Nd5 Bxd5 46. Rxd5 b2 47.
Nb1 Rc1 48. Rf1 Nxa4 49. Rxd6 Nc3 50. Nd2 Ne4 0-1

[Event "Olimpiada de Khanty-Mansiysk 2010"]
[Site "Khanty-Mansiysk RUS"]
[Date "2010.10.01"]
[Round "10"]
[White "Hracek, Zbynek"]
[Black "Sargissian, Gabriel"]
[Result "1/2-1/2"]
[WhiteElo "2633"]
[BlackElo "2677"]
[PlyCount "35"]
[EventDate "2010.09.21"]
[EventType "team"]
[EventRounds "11"]
[EventCountry "RUS"]
[Source "lmi"]
[SourceDate "2010.09.21"]
[WhiteTeam "Chequia"]
[BlackTeam "Armenia"]
[WhiteTeamCountry "CZE"]
[BlackTeamCountry "ARM"]

1. c4 Nf6 2. Nc3 e5 3. Nf3 Nc6 4. g3 Nd4 5. Bg2 Nxf3+ 6. Bxf3 Bb4 7. O-O O-O 8.
Qb3 Bc5 9. d3 c6 10. Bd2 Re8 11. Bg2 a6 12. Na4 Ba7 13. c5 d5 14. cxd6 Qxd6 15.
Rac1 Nd5 16. Nc3 Nxc3 17. Bxc3 Rb8 18. Qc2 1/2-1/2

[Event "Olimpiada de Khanty-Mansiysk 2010"]
[Site "Khanty-Mansiysk RUS"]
[Date "2010.10.01"]
[Round "10"]
[White "Berkes, Ferenc"]
[Black "Podolchenko, Evgeniy"]
[Result "1-0"]
[WhiteElo "2678"]
[BlackElo "2506"]
[PlyCount "79"]
[EventDate "2010.09.21"]
[EventType "team"]
[EventRounds "11"]
[EventCountry "RUS"]
[Source "lmi"]
[SourceDate "2010.09.21"]
[WhiteTeam "Hungría"]
[BlackTeam "Bielorusia"]
[WhiteTeamCountry "HUN"]
[BlackTeamCountry "BLR"]

1. d4 Nf6 2. c4 e6 3. Nc3 Bb4 4. Bg5 c5 5. d5 h6 6. Bh4 Bxc3+ 7. bxc3 d6 8. e3
e5 9. Qc2 Qe7 10. Nf3 g5 11. Bg3 e4 12. Nd2 Bf5 13. Rb1 O-O 14. f4 Nh5 15. Be2
gxf4 16. exf4 Ng7 17. Nf1 e3 18. Bd3 Bxd3 19. Qxd3 Re8 20. Ke2 Nd7 21. Rxb7 Qd8
22. Rb2 Nf6 23. Kf3 Ne4 24. Nxe3 Qf6 25. Re1 h5 26. Bf2 h4 27. g3 Nh5 28. Ng4
Ng5+ 29. Kg2 Qxf4 30. Rxe8+ Rxe8 31. gxf4 Nxf4+ 32. Kf1 Nxd3 33. Nf6+ Kf8 34.
Nxe8 Nxb2 35. Nxd6 h3 36. Bxc5 Nf3 37. Kf2 Nxh2 38. Kg3 Nf1+ 39. Kxh3 Kg8 40.
Ne4 1-0

[Event "Olimpiada de Khanty-Mansiysk 2010"]
[Site "Khanty-Mansiysk RUS"]
[Date "2010.10.01"]
[Round "10"]
[White "Stupak, Kirill"]
[Black "Balogh, Csaba"]
[Result "1/2-1/2"]
[WhiteElo "2502"]
[BlackElo "2608"]
[PlyCount "32"]
[EventDate "2010.09.21"]
[EventType "team"]
[EventRounds "11"]
[EventCountry "RUS"]
[Source "lmi"]
[SourceDate "2010.09.21"]
[WhiteTeam "Bielorusia"]
[BlackTeam "Hungría"]
[WhiteTeamCountry "BLR"]
[BlackTeamCountry "HUN"]

1. d4 d5 2. Nf3 Nf6 3. c4 e6 4. g3 Bb4+ 5. Bd2 Be7 6. Bg2 c6 7. Qc2 O-O 8. O-O
Nbd7 9. Rd1 b6 10. Bf4 Ba6 11. Ne5 Qc8 12. cxd5 cxd5 13. Nc3 Nh5 14. Rac1 Nxf4
15. gxf4 Nxe5 16. fxe5 Bg5 1/2-1/2

[Event "Olimpiada de Khanty-Mansiysk 2010"]
[Site "Khanty-Mansiysk RUS"]
[Date "2010.10.01"]
[Round "10"]
[White "Safarli, Eltaj"]
[Black "Brunello, Sabino"]
[Result "1-0"]
[WhiteElo "2607"]
[BlackElo "2497"]
[PlyCount "125"]
[EventDate "2010.09.21"]
[EventType "team"]
[EventRounds "11"]
[EventCountry "RUS"]
[Source "lmi"]
[SourceDate "2010.09.21"]
[WhiteTeam "Azerbaiyán"]
[BlackTeam "Italia"]
[WhiteTeamCountry "AZE"]
[BlackTeamCountry "ITA"]

1. e4 c5 2. Nf3 e6 3. Nc3 Nc6 4. Bb5 Nd4 5. O-O a6 6. Bd3 Nc6 7. Re1 g5 8. Rf1
Bg7 9. b3 g4 10. Ne1 h5 11. Bb2 d5 12. exd5 exd5 13. Na4 Bxb2 14. Nxb2 Nge7 15.
Na4 c4 16. bxc4 dxc4 17. Be4 b5 18. Nc3 Bb7 19. d3 Qd4 20. Ne2 Qe5 21. Bxc6+
Nxc6 22. dxc4 bxc4 23. Ng3 Kf8 24. Qd7 Nd8 25. Rd1 Bc6 26. Qd6+ Qxd6 27. Rxd6
h4 28. Nf5 Rh5 29. Ne3 Ke7 30. Rd4 f5 31. Nxc4 Ne6 32. Rd2 Bb5 33. Nb6 Rb8 34.
Nd5+ Kf8 35. Nd3 h3 36. c4 Bxc4 37. Nf6 Bxd3 38. Rxd3 Nf4 39. Rd2 hxg2 40. Re1
Rh8 41. Nd7+ Kf7 42. Nxb8 Rxb8 43. Rd4 Nh3+ 44. Kxg2 Rb2 45. Rf1 Rxa2 46. Rd6
Nf4+ 47. Kg3 Ne2+ 48. Kh4 Nc3 49. Rc6 Nb5 50. Kg5 Nd4 51. Rf6+ Kg7 52. Rg6+ Kh7
53. Rd1 Nf3+ 54. Kf6 Nd2 55. Rc1 Ne4+ 56. Kf7 Rb2 57. Rc7 a5 58. Ra6 Rb8 59.
Ke6+ Kg6 60. Ke5+ Kh5 61. Rh7+ Kg5 62. Rg7+ Kh5 63. Kxf5 1-0

[Event "Olimpiada de Khanty-Mansiysk 2010"]
[Site "Khanty-Mansiysk RUS"]
[Date "2010.10.01"]
[Round "10"]
[White "Morovic Fernandez, Ivan"]
[Black "Alekseev, Evgeny"]
[Result "1/2-1/2"]
[WhiteElo "2580"]
[BlackElo "2691"]
[PlyCount "32"]
[EventDate "2010.09.21"]
[EventType "team"]
[EventRounds "11"]
[EventCountry "RUS"]
[Source "lmi"]
[SourceDate "2010.09.21"]
[WhiteTeam "Chile"]
[BlackTeam "RU2"]
[WhiteTeamCountry "CHI"]

1. d4 Nf6 2. c4 e6 3. Nc3 Bb4 4. e3 O-O 5. Bd3 d5 6. Nf3 c5 7. O-O cxd4 8. exd4
dxc4 9. Bxc4 b6 10. Bg5 Bb7 11. Rc1 Nc6 12. a3 Be7 13. Qd3 h6 14. Bxf6 Bxf6 15.
Rfd1 Ne7 16. Ba6 Qc8 1/2-1/2

[Event "Olimpiada de Khanty-Mansiysk 2010"]
[Site "Khanty-Mansiysk RUS"]
[Date "2010.10.01"]
[Round "10"]
[White "Vitiugov, Nikita"]
[Black "Vasquez Schroeder, Rodrig"]
[Result "1-0"]
[WhiteElo "2709"]
[BlackElo "2521"]
[PlyCount "77"]
[EventDate "2010.09.21"]
[EventType "team"]
[EventRounds "11"]
[EventCountry "RUS"]
[Source "lmi"]
[SourceDate "2010.09.21"]
[WhiteTeam "RU2"]
[BlackTeam "Chile"]
[BlackTeamCountry "CHI"]

1. c4 Nf6 2. Nc3 e5 3. Nf3 Nc6 4. g3 Nd4 5. Bg2 Nxf3+ 6. Bxf3 Bb4 7. O-O O-O 8.
Qb3 Qe7 9. d3 h6 10. Bg2 c6 11. Bd2 a5 12. Be3 Ng4 13. Bb6 d6 14. Na4 Nf6 15.
a3 Bc5 16. Bxc5 dxc5 17. Qb6 Nd7 18. Qc7 Ra6 19. Bh3 f5 20. Bxf5 Rxf5 21. Qxc8+
Rf8 22. Qxb7 Rfa8 23. Rad1 Qe6 24. Qb3 Rf8 25. Qc2 Qh3 26. f3 Rf6 27. e3 Ra8
28. Qg2 Qe6 29. Nc3 Rb8 30. Ne4 Rff8 31. Rd2 g5 32. Qe2 Rf7 33. Qe1 Rb3 34. Qd1
Rb8 35. Qa4 Ra8 36. Rdf2 Kg7 37. Qc2 Kh8 38. Qc3 Kh7 39. Kg2 1-0

[Event "Olimpiada de Khanty-Mansiysk 2010"]
[Site "Khanty-Mansiysk RUS"]
[Date "2010.10.01"]
[Round "10"]
[White "Papaioannou, Ioannis"]
[Black "Kulaots, Kaido"]
[Result "1/2-1/2"]
[WhiteElo "2622"]
[BlackElo "2592"]
[PlyCount "153"]
[EventDate "2010.09.21"]
[EventType "team"]
[EventRounds "11"]
[EventCountry "RUS"]
[Source "lmi"]
[SourceDate "2010.09.21"]
[WhiteTeam "Grecia"]
[BlackTeam "Estonia"]
[WhiteTeamCountry "GRE"]
[BlackTeamCountry "EST"]

1. d4 Nf6 2. c4 g6 3. Nc3 d5 4. Nf3 Bg7 5. Bg5 Ne4 6. Bh4 Nxc3 7. bxc3 dxc4 8.
Qa4+ c6 9. Qxc4 Qa5 10. e4 Na6 11. Rc1 Be6 12. Qd3 Qa3 13. Qc2 Nc7 14. Bg3 Nb5
15. Bxb5 cxb5 16. d5 Bd7 17. Ne5 Bxe5 18. Bxe5 O-O 19. O-O f6 20. Bg3 Rac8 21.
Qd2 Rc4 22. e5 fxe5 23. Bxe5 Qc5 24. Rfe1 Rf7 25. h3 a5 26. Rcd1 a4 27. Qe2 a3
28. Qd2 Qc8 29. Qg5 Qf8 30. Qg3 Qh6 31. Re3 Rf5 32. f4 Qf8 33. Rde1 Rf7 34. Kh2
Qd8 35. Bd4 Qf8 36. f5 Bxf5 37. Qe5 Rxd4 38. Qxd4 Qb8+ 39. Qe5 Qxe5+ 40. Rxe5
Kf8 41. R5e3 h5 42. Kg1 Ke8 43. d6 e6 44. Re5 Kd7 45. Rd1 Bc2 46. Rd2 Ba4 47.
Rc5 Kd8 48. Rg5 Rf6 49. Rf2 Rxf2 50. Kxf2 Kd7 51. Ke3 Kxd6 52. Rxg6 Bb3 53. Rg8
Bxa2 54. Ra8 Bd5 55. g4 hxg4 56. h4 a2 57. h5 Ke7 58. h6 Kf7 59. h7 a1=Q 60.
Rxa1 Kg7 61. Kf4 Kxh7 62. Kxg4 Kg6 63. Rf1 Kg7 64. Kg5 Bc4 65. Rf2 Bd5 66. Rh2
Kf7 67. Rh7+ Ke8 68. Kf6 Kd8 69. Ke5 Kc8 70. Kd6 b6 71. Rg7 Kb8 72. Re7 Kc8 73.
Rf7 Kb8 74. Rc7 Be4 75. Kd7 Bd5 76. Kd8 Bc4 77. Re7 1/2-1/2

[Event "Olimpiada de Khanty-Mansiysk 2010"]
[Site "Khanty-Mansiysk RUS"]
[Date "2010.10.01"]
[Round "10"]
[White "Kanep, Meelis"]
[Black "Banikas, Hristos"]
[Result "1/2-1/2"]
[WhiteElo "2532"]
[BlackElo "2590"]
[PlyCount "30"]
[EventDate "2010.09.21"]
[EventType "team"]
[EventRounds "11"]
[EventCountry "RUS"]
[Source "lmi"]
[SourceDate "2010.09.21"]
[WhiteTeam "Estonia"]
[BlackTeam "Grecia"]
[WhiteTeamCountry "EST"]
[BlackTeamCountry "GRE"]

1. d4 Nf6 2. c4 e6 3. Nf3 b6 4. g3 Bb7 5. Bg2 Be7 6. O-O O-O 7. Re1 a5 8. Nc3
Ne4 9. Bd2 f5 10. Qc2 Nxc3 11. Bxc3 Be4 12. Qa4 Qc8 13. Nd2 Bxg2 14. Kxg2 Qb7+
15. Kg1 c6 1/2-1/2

[Event "Olimpiada de Khanty-Mansiysk 2010"]
[Site "Khanty-Mansiysk RUS"]
[Date "2010.10.01"]
[Round "10"]
[White "Mastrovasilis, Dimitrios"]
[Black "Sepp, Olav"]
[Result "1-0"]
[WhiteElo "2569"]
[BlackElo "2485"]
[PlyCount "105"]
[EventDate "2010.09.21"]
[EventType "team"]
[EventRounds "11"]
[EventCountry "RUS"]
[Source "lmi"]
[SourceDate "2010.09.21"]
[WhiteTeam "Grecia"]
[BlackTeam "Estonia"]
[WhiteTeamCountry "GRE"]
[BlackTeamCountry "EST"]

1. e4 e5 2. Nf3 Nc6 3. Bb5 Nf6 4. d3 d6 5. O-O Be7 6. d4 O-O 7. Bxc6 bxc6 8.
Nc3 exd4 9. Nxd4 Bd7 10. Qf3 Rb8 11. h3 h6 12. b3 Nh7 13. Bb2 Bf6 14. Rad1 Re8
15. Qd3 c5 16. Nf3 Ng5 17. Ba1 Nxf3+ 18. Qxf3 Bc6 19. Rfe1 Qd7 20. Nd5 Bxa1 21.
Rxa1 Re5 22. Re3 Rbe8 23. Rae1 Kh7 24. c4 a5 25. a4 Rb8 26. Qg3 Bxd5 27. cxd5
Rb4 28. f4 Re8 29. e5 Qf5 30. Rf1 Re4 31. Qf3 Rxe3 32. Qxe3 Kg8 33. g4 Qc2 34.
e6 c4 35. bxc4 Qxc4 36. Re1 f6 37. Qe4 Qb3 38. Kg2 Re7 39. Rb1 Qa2+ 40. Kg3
Qa3+ 41. Kg2 Qa2+ 42. Kg3 Qa3+ 43. Qf3 Qxa4 44. Qd3 Re8 45. Qg6 Ra8 46. Rb7 Qd1
47. Kh4 Qe1+ 48. Kh5 Qh1 49. Qd3 Rc8 50. Kg6 Qh2 51. Qf5 Qxh3 52. e7 Re8 53.
Rb8 1-0

[Event "Olimpiada de Khanty-Mansiysk 2010"]
[Site "Khanty-Mansiysk RUS"]
[Date "2010.10.01"]
[Round "10"]
[White "Shoker, Samy"]
[Black "Quesada Perez, Yuniesky"]
[Result "1/2-1/2"]
[WhiteElo "2458"]
[BlackElo "2614"]
[PlyCount "59"]
[EventDate "2010.09.21"]
[EventType "team"]
[EventRounds "11"]
[EventCountry "RUS"]
[Source "lmi"]
[SourceDate "2010.09.21"]
[WhiteTeam "Egipto"]
[BlackTeam "Cuba"]
[WhiteTeamCountry "EGY"]
[BlackTeamCountry "CUB"]

1. g3 e5 2. Bg2 d5 3. d3 Nf6 4. Nf3 Bd6 5. Nc3 c6 6. e4 Bg4 7. h3 Bh5 8. O-O
O-O 9. Bg5 d4 10. Ne2 h6 11. Bd2 c5 12. g4 Bg6 13. Nh4 Nc6 14. Nf5 Bxf5 15.
exf5 Ne7 16. Ng3 Ned5 17. Ne4 Rb8 18. a4 Re8 19. Kh1 Be7 20. Rb1 Nxe4 21. Bxe4
Bg5 22. Qf3 Bxd2 23. Bxd5 b6 24. Kg2 Rc8 25. Rfd1 Bf4 26. c4 a5 27. Rh1 Qh4 28.
Ra1 Rcd8 29. Rhe1 Re7 30. Ra3 1/2-1/2

[Event "Olimpiada de Khanty-Mansiysk 2010"]
[Site "Khanty-Mansiysk RUS"]
[Date "2010.10.01"]
[Round "10"]
[White "Corrales Jimenez, Fidel"]
[Black "Ezat, Mohamed"]
[Result "1/2-1/2"]
[WhiteElo "2599"]
[BlackElo "2448"]
[PlyCount "104"]
[EventDate "2010.09.21"]
[EventType "team"]
[EventRounds "11"]
[EventCountry "RUS"]
[Source "lmi"]
[SourceDate "2010.09.21"]
[WhiteTeam "Cuba"]
[BlackTeam "Egipto"]
[WhiteTeamCountry "CUB"]
[BlackTeamCountry "EGY"]

1. e4 c6 2. d4 d5 3. Nc3 dxe4 4. Nxe4 Nd7 5. Bc4 Ngf6 6. Ng5 e6 7. Qe2 Nb6 8.
Bb3 h6 9. N5f3 c5 10. Bf4 a6 11. Rd1 Be7 12. dxc5 Nbd7 13. Ne5 O-O 14. Ngf3
Bxc5 15. O-O Qe7 16. Bg3 Nxe5 17. Nxe5 Nd7 18. Nc4 b5 19. Nd6 Nf6 20. c4 b4 21.
Qe5 Qa7 22. Bc2 Bd7 23. Bh4 Ng4 24. Qe2 f5 25. Be7 Qc7 26. Bxf8 Rxf8 27. h3 Nf6
28. Qe5 Ne8 29. Rd3 Bxd6 30. Rxd6 Nxd6 31. Rd1 Qxc4 32. Rxd6 Qxc2 33. Rxd7 Rf7
34. Rd6 Qb1+ 35. Kh2 Qxa2 36. Rxe6 Qc4 37. f4 Qc7 38. Rxa6 Qxe5 39. fxe5 Rc7
40. Rb6 Rc4 41. Kg3 Kf7 42. Kf3 h5 43. Ke3 Rc2 44. Rxb4 Rxg2 45. Rb6 g5 46. Kf3
Rg1 47. Kf2 Rb1 48. Rf6+ Ke7 49. Rxf5 Rxb2+ 50. Kf3 g4+ 51. hxg4 hxg4+ 52. Kxg4
Ke6 1/2-1/2

[Event "Olimpiada de Khanty-Mansiysk 2010"]
[Site "Khanty-Mansiysk RUS"]
[Date "2010.10.01"]
[Round "10"]
[White "Smeets, Jan"]
[Black "Short, Nigel D"]
[Result "1/2-1/2"]
[WhiteElo "2669"]
[BlackElo "2690"]
[PlyCount "120"]
[EventDate "2010.09.21"]
[EventType "team"]
[EventRounds "11"]
[EventCountry "RUS"]
[Source "lmi"]
[SourceDate "2010.09.21"]
[WhiteTeam "Holanda"]
[BlackTeam "Inglaterra"]
[WhiteTeamCountry "NED"]
[BlackTeamCountry "ENG"]

1. e4 c6 2. d4 d5 3. e5 Bf5 4. Nf3 e6 5. Be2 Nd7 6. O-O Bg6 7. Nbd2 Nh6 8. Nb3
Nf5 9. g4 Nh4 10. Nxh4 Qxh4 11. Bf4 Qd8 12. Bg3 Be7 13. c3 O-O 14. Qd2 a5 15.
a4 f6 16. exf6 Bxf6 17. Rae1 Re8 18. f4 Qb6 19. Bd1 c5 20. f5 exf5 21. dxc5 Qc6
22. gxf5 Rxe1 23. Qxe1 Bf7 24. Bd6 Qxa4 25. Nd4 Bxd4+ 26. Kh1 Qc4 27. cxd4 Qxd4
28. Bf3 Qxb2 29. Qb1 Qb4 30. Qxb4 axb4 31. Rb1 Ra3 32. Kg2 b3 33. Kg3 Ra5 34.
Rxb3 Nxc5 35. Bxc5 Rxc5 36. Rxb7 Kf8 37. Kf4 Be8 38. Ke5 d4+ 39. Kxd4 Rxf5 40.
Rb3 Rf4+ 41. Ke3 Rh4 42. Rb2 Rh3 43. Rf2 Bc6 44. Kf4 Bxf3 45. Rxf3 Rxf3+ 46.
Kxf3 Kf7 47. Kf4 Ke6 48. Ke4 Kf6 49. Kf4 g5+ 50. Kg3 Kf5 51. Kf3 h6 52. Kg3 h5
53. Kf3 g4+ 54. Kg2 Kf4 55. Kf2 h4 56. h3 g3+ 57. Kg2 Ke3 58. Kg1 Kf3 59. Kf1
g2+ 60. Kg1 Kg3 1/2-1/2

[Event "Olimpiada de Khanty-Mansiysk 2010"]
[Site "Khanty-Mansiysk RUS"]
[Date "2010.10.01"]
[Round "10"]
[White "Mekhitarian, Krikor Sevag"]
[Black "Saric, Ivan"]
[Result "1/2-1/2"]
[WhiteElo "2550"]
[BlackElo "2567"]
[PlyCount "132"]
[EventDate "2010.09.21"]
[EventType "team"]
[EventRounds "11"]
[EventCountry "RUS"]
[Source "lmi"]
[SourceDate "2010.09.21"]
[WhiteTeam "Brasil"]
[BlackTeam "Croacia"]
[WhiteTeamCountry "BRA"]
[BlackTeamCountry "CRO"]

1. e4 e5 2. Nf3 Nc6 3. Bb5 a6 4. Ba4 Nf6 5. O-O Be7 6. Re1 b5 7. Bb3 d6 8. c3
O-O 9. h3 Nb8 10. d4 Nbd7 11. Nbd2 Bb7 12. Bc2 Re8 13. Nf1 Bf8 14. Ng3 g6 15.
b3 Bg7 16. d5 Qb8 17. Rb1 c6 18. c4 Qc7 19. Be3 Rec8 20. Bd3 Nc5 21. Rc1 bxc4
22. bxc4 Nfd7 23. Bf1 a5 24. Nd2 Ba6 25. Nb3 Nxb3 26. Qxb3 Bf6 27. Qa3 Qd8 28.
Bd2 cxd5 29. cxd5 Bxf1 30. Nxf1 Nc5 31. Rb1 Bg5 32. g3 Bxd2 33. Nxd2 Rcb8 34.
Kg2 Rb4 35. Qe3 Rab8 36. Rec1 Rd4 37. h4 h5 38. a3 Rd3 39. Qe2 Rxa3 40. Rxb8
Qxb8 41. Nc4 Ra4 42. Qc2 Nb3 43. Nxd6 Qxd6 44. Qxb3 Rxe4 45. Qb5 Rd4 46. Qe8+
Kg7 47. Rc8 Qxd5+ 48. Kh2 Kf6 49. Rc6+ Kf5 50. Rc7 f6 51. Rg7 Ke4 52. Qxg6+ Kf3
53. Qxf6+ Ke2 54. Qf7 Kf1 55. Qxd5 Rxd5 56. g4 hxg4 57. Kg3 a4 58. h5 e4 59.
Ra7 Rd3+ 60. Kxg4 Kxf2 61. Rxa4 e3 62. h6 e2 63. Ra2 Kf1 64. Rxe2 Kxe2 65. h7
Rd8 66. Kg5 Kf3 1/2-1/2

[Event "Olimpiada de Khanty-Mansiysk 2010"]
[Site "Khanty-Mansiysk RUS"]
[Date "2010.10.01"]
[Round "10"]
[White "Djukic, Nikola"]
[Black "Le, Quang Liem"]
[Result "1/2-1/2"]
[WhiteElo "2475"]
[BlackElo "2694"]
[PlyCount "102"]
[EventDate "2010.09.21"]
[EventType "team"]
[EventRounds "11"]
[EventCountry "RUS"]
[Source "lmi"]
[SourceDate "2010.09.21"]
[WhiteTeam "MNE"]
[BlackTeam "Vietnam"]
[BlackTeamCountry "VIE"]

1. e4 c5 2. Nf3 d6 3. d4 cxd4 4. Nxd4 Nf6 5. Nc3 a6 6. Be3 e5 7. Nb3 Be6 8. f3
Nbd7 9. g4 Be7 10. Qd2 O-O 11. O-O-O Rc8 12. g5 Nh5 13. Rg1 Nb6 14. Kb1 g6 15.
Nd5 Nxd5 16. exd5 Bf5 17. Bd3 Qd7 18. Qb4 Bxd3 19. Rxd3 f6 20. Qg4 Qxg4 21.
fxg4 Nf4 22. Bxf4 exf4 23. gxf6 Bxf6 24. g5 Bd8 25. Nd2 Bb6 26. Rf1 Rce8 27.
Rb3 Be3 28. Nf3 b6 29. Rd3 Kg7 30. c3 h6 31. h4 Re4 32. Rdd1 b5 33. Kc2 Bc5 34.
Rde1 Re3 35. Rxe3 fxe3 36. Kd3 a5 37. a3 Bb6 38. Nh2 Re8 39. gxh6+ Kxh6 40.
Ng4+ Kg7 41. Re1 Rh8 42. Rh1 Rf8 43. Rh3 Rf4 44. Nxe3 Kh6 45. Ng2 Rg4 46. Ne3
Rf4 47. Ng2 Rg4 48. Ne3 Rg1 49. c4 b4 50. axb4 axb4 51. Kc2 Kh5 1/2-1/2

[Event "Olimpiada de Khanty-Mansiysk 2010"]
[Site "Khanty-Mansiysk RUS"]
[Date "2010.10.01"]
[Round "10"]
[White "Nguyen, Ngoc Truong Son"]
[Black "Drasko, Milan"]
[Result "1/2-1/2"]
[WhiteElo "2633"]
[BlackElo "2486"]
[PlyCount "81"]
[EventDate "2010.09.21"]
[EventType "team"]
[EventRounds "11"]
[EventCountry "RUS"]
[Source "lmi"]
[SourceDate "2010.09.21"]
[WhiteTeam "Vietnam"]
[BlackTeam "MNE"]
[WhiteTeamCountry "VIE"]

1. Nf3 Nf6 2. g3 d5 3. Bg2 c6 4. O-O Bg4 5. d3 e6 6. Nbd2 Be7 7. b3 O-O 8. Bb2
a5 9. a3 Qb6 10. c4 Nbd7 11. Qc2 Rfe8 12. Rae1 Bf8 13. h3 Bh5 14. Nh4 e5 15. e3
Rac8 16. Qb1 Nc5 17. Bc3 Qd8 18. cxd5 Nxd5 19. Ba1 Nc7 20. Ne4 Qxd3 21. Nxc5
Qxb1 22. Rxb1 Bxc5 23. b4 axb4 24. axb4 Bf8 25. g4 Bg6 26. Nxg6 hxg6 27. Rfd1
Nb5 28. Bf1 Nd6 29. b5 Nxb5 30. Bxb5 cxb5 31. Rxb5 f6 32. Rxb7 Re7 33. Rb3 Ra7
34. Bc3 Ra3 35. Rxa3 Bxa3 36. Bd2 Rd8 37. Kf1 Bb4 38. Ke2 Bxd2 39. Rxd2 Ra8 40.
Rd6 g5 41. Kf3 1/2-1/2

[Event "Olimpiada de Khanty-Mansiysk 2010"]
[Site "Khanty-Mansiysk RUS"]
[Date "2010.10.01"]
[Round "10"]
[White "Blagojevic, Dragisa"]
[Black "Dao, Thien Hai"]
[Result "1/2-1/2"]
[WhiteElo "2481"]
[BlackElo "2520"]
[PlyCount "37"]
[EventDate "2010.09.21"]
[EventType "team"]
[EventRounds "11"]
[EventCountry "RUS"]
[Source "lmi"]
[SourceDate "2010.09.21"]
[WhiteTeam "MNE"]
[BlackTeam "Vietnam"]
[BlackTeamCountry "VIE"]

1. d4 d5 2. c4 c6 3. cxd5 cxd5 4. Bf4 Nc6 5. e3 Nf6 6. Nc3 a6 7. Bd3 Bg4 8.
Nge2 Bxe2 9. Qxe2 e6 10. O-O Bd6 11. Bxd6 Qxd6 12. Rac1 O-O 13. Na4 Nd7 14. Qc2
g6 15. Nc5 Nxc5 16. Qxc5 Qd7 17. Rc3 Rfc8 18. Rfc1 Ne7 19. Qb4 1/2-1/2

[Event "Olimpiada de Khanty-Mansiysk 2010"]
[Site "Khanty-Mansiysk RUS"]
[Date "2010.10.01"]
[Round "10"]
[White "Nguyen, Duc Hoa"]
[Black "Kalezic, Blazo"]
[Result "1/2-1/2"]
[WhiteElo "2385"]
[BlackElo "2449"]
[PlyCount "77"]
[EventDate "2010.09.21"]
[EventType "team"]
[EventRounds "11"]
[EventCountry "RUS"]
[Source "lmi"]
[SourceDate "2010.09.21"]
[WhiteTeam "Vietnam"]
[BlackTeam "MNE"]
[WhiteTeamCountry "VIE"]

1. Nf3 d5 2. d4 c6 3. c4 e6 4. Qc2 Nf6 5. g3 dxc4 6. Qxc4 b5 7. Qc2 Bb7 8. Bg2
Nbd7 9. a4 a6 10. O-O h6 11. Nc3 Be7 12. Rd1 Nd5 13. Nxd5 cxd5 14. axb5 axb5
15. Bf4 Rxa1 16. Rxa1 O-O 17. Bf1 Qb6 18. Bc7 Rc8 19. Rc1 Qa7 20. Qd1 b4 21.
Bf4 Rc4 22. e3 Rxc1 23. Qxc1 Bd8 24. Bc7 Qa8 25. Bxd8 Qxd8 26. Bb5 Nf6 27. Qc5
Qa5 28. Ne5 Ne4 29. Qe7 Qxb5 30. Qxf7+ Kh7 31. Qg6+ Kh8 32. Nf7+ Kg8 33. Nxh6+
Kh8 34. Nf7+ Kg8 35. Ne5 Ba6 36. Qxe6+ Kh7 37. Qf5+ Kg8 38. Qf7+ Kh7 39. Qf5+
1/2-1/2

[Event "Olimpiada de Khanty-Mansiysk 2010"]
[Site "Khanty-Mansiysk RUS"]
[Date "2010.10.01"]
[Round "10"]
[White "Hammer, Jon Ludvig"]
[Black "Bezgodov, Alexei"]
[Result "1/2-1/2"]
[WhiteElo "2633"]
[BlackElo "2485"]
[PlyCount "51"]
[EventDate "2010.09.21"]
[EventType "team"]
[EventRounds "11"]
[EventCountry "RUS"]
[Source "lmi"]
[SourceDate "2010.09.21"]
[WhiteTeam "Noruega"]
[BlackTeam "RU4"]
[WhiteTeamCountry "NOR"]

1. d4 d5 2. c4 e6 3. Nf3 c5 4. cxd5 exd5 5. g3 Nc6 6. Bg2 Nf6 7. O-O Be7 8. Nc3
O-O 9. Bg5 cxd4 10. Nxd4 Be6 11. Rc1 Qd7 12. Na4 Ne4 13. Bxe7 Qxe7 14. Nxc6
bxc6 15. Rxc6 Rac8 16. Rxc8 Rxc8 17. e3 Qc7 18. Qd4 Qc2 19. Qxa7 Nd2 20. Re1
Ne4 21. Rf1 Nd2 22. Re1 Ne4 23. Bxe4 dxe4 24. Qd4 h6 25. Nb6 Rc5 26. Qd1
1/2-1/2